• 首页
  • 本馆介绍
  • 公告通知
  • 最新文献
  • 馆藏检索
  • 电子资源
  • 读者导购
  • 参考咨询
  • 我的图书馆
  • 登录
  • 详细信息显示
  • 放入我的书架
  • 预约/预借图书
  • 作者相关作品
  • 分类相关作品
  • 丛书相关作品
  • 出版社相关作品

书目信息

  • 表格格式
  • 工作单格式
  • 卡片格式
题名:
爵士鼓演奏法
    
 
作者: 李卫 , 周良增 著
分册:  
出版信息: 上海   上海音乐出版社  1991.01
页数: 96页
开本: 16开
丛书名:
单 册:
中图分类: J625.96
科图分类:
主题词: 器乐--理论 , 器乐--奏法 , 器乐--演奏
电子资源:
ISBN: 7-80553-258-3
000 00626nam0 2200229 45
001 0011131096
005 20031219104047.3
010    @a7-80553-258-3@dCNY6.40
100    @a20001113d1991 km y0chiy0120 ea
101 0  @achi
105    @a z 000yy
200 1  @a爵士鼓演奏法@AJue Shi Gu Yan Zou Fa@f李卫,周良增著@FLi Wei,Zhou Liang Zeng Zhu
210    @a上海@c上海音乐出版社@d1991.01
215    @a96页@d16开
606 0  @a器乐@x理论
606 0  @a器乐@x奏法
606 0  @a器乐@x演奏
690    @aJ625.96@v1
701  0 @a李卫@4著
701  0 @a周良增@4著
801    @aCN@bTSTC@c20001113
905    @b292830-832@dJ625.96@e83@f3
    
    爵士鼓演奏法/李卫,周良增著.-上海:上海音乐出版社,1991.01
    96页;16开
    
    
    ISBN 7-80553-258-3:CNY6.40
    
●
相关链接 在E读中查询图书 在五车中查询图书 在当当中查询图书 在豆瓣中查询图书


正题名:爵士鼓演奏法     索取号:J625.96/83         预约/预借

序号 登录号 条形码 馆藏地/架位号 状态 备注
1 0292830   002928309   第一借阅区/ [索取号:J625.96/83] 在馆    
2 0292831   002928318   第一借阅区/ [索取号:J625.96/83] 在馆    
3 0292832   002928327   第一样本阅览室/ [索取号:J625.96/83] 在馆    
唐山师范学院图书馆 欢迎您!
大连网信软件有限公司© 版权所有